La España de mi experiencia (Record no. 179875)

MARC details
000 -LEADER
campo de control de longitud fija 01402nam a2200337 i 4500
001 - NÚMERO DE CONTROL
campo de control 179875
003 - IDENTIFICADOR DE NÚMERO DE CONTROL
campo de control ES-MaACL
005 - FECHA Y HORA DE LA ÚLTIMA TRANSACCIÓN
campo de control 20230927124753.0
008 - DATOS DE LONGITUD FIJA--INFORMACIÓN GENERAL
campo de control de longitud fija 120216s2008 sp ac |||| |bspa d
020 ## - NÚMERO INTERNACIONAL ESTÁNDAR DEL LIBRO
Número Internacional Estándar del Libro 978-84-612-8072-8
080 ## - NÚMERO DE LA CLASIFICACIÓN DECIMAL UNIVERSAL
Número de la Clasificación Decimal Universal 929 Balbontín, José Antonio
080 ## - NÚMERO DE LA CLASIFICACIÓN DECIMAL UNIVERSAL
Número de la Clasificación Decimal Universal 94(460)"1902/1931"(093.3)
080 ## - NÚMERO DE LA CLASIFICACIÓN DECIMAL UNIVERSAL
Número de la Clasificación Decimal Universal 94(460)"1931/39"(093.3)
100 1# - ENTRADA PRINCIPAL--NOMBRE DE PERSONA
Nombre de persona Balbontín, José Antonio,
Fechas asociadas al nombre 1893-1977
9 (RLIN) 24853
245 13 - MENCIÓN DEL TÍTULO
Título La España de mi experiencia
Resto del título : reminiscencias y esperanzas de un español en el exilio /
Mención de responsabilidad, etc. José Antonio Balbontín ; introducción de Javier Rubiales Torrejón ; prólogo de Aitor L. Larrabide.
250 ## - MENCION DE EDICION
Mención de edición 2ª ed.
260 ## - PUBLICACIÓN, DISTRIBUCIÓN, ETC.
Lugar de publicación, distribución, etc. Sevilla :
Nombre del editor, distribuidor, etc. Centro de Estudios Andaluces,
Fecha de publicación, distribución, etc. 2008.
300 ## - DESCRIPCIÓN FÍSICA
Extensión LI, 338 p. :
Otras características físicas retr. ;
Dimensiones 23 cm.
490 1# - MENCIÓN DE SERIE
Mención de serie Historia
600 14 - PUNTO DE ACCESO ADICIONAL DE MATERIA--NOMBRE DE PERSONA
Nombre de persona Balbontín, José Antonio,
Fechas asociadas al nombre 1893-1977
9 (RLIN) 24853
651 #7 - PUNTO DE ACCESO ADICIONAL DE MATERIA--NOMBRE GEOGRÁFICO
Nombre geográfico España-
Subdivisión general Historia-
Subdivisión cronológica 1902-1931, Alfonso XIII-
Subdivisión de forma Relatos personales.
9 (RLIN) 144642
651 #7 - PUNTO DE ACCESO ADICIONAL DE MATERIA--NOMBRE GEOGRÁFICO
Nombre geográfico España-
Subdivisión general Historia-
Subdivisión cronológica 1931-1939, II República-
Subdivisión de forma Relatos personales.
9 (RLIN) 8290
700 1# - ENTRADA AGREGADA--NOMBRE PERSONAL
Nombre de persona Rubiales Torrejón, Javier.
9 (RLIN) 144644
700 1# - ENTRADA AGREGADA--NOMBRE PERSONAL
Nombre de persona Larrabide Achútegui, Aitor Luis.
9 (RLIN) 70291
710 2# - ENTRADA AGREGADA--NOMBRE DE ENTIDAD CORPORATIVA
Nombre de entidad corporativa o nombre de jurisdicción como elemento de entrada Fundación Centro de Estudios Andaluces.
9 (RLIN) 144643
830 0# - PUNTO DE ACCESO ADICIONAL DE SERIE-TÍTULO UNIFORME
Título uniforme Historia
9 (RLIN) 177536
852 ## - LOCALIZACIÓN
Ubicación ES-MaACL
itemnumber 186776
Sublocalización o colección R.146942
Número de control de estantería A-11974
Signatura antigua Olim: N-4979
Ubicación en estantería Depósito 1
942 ## - ELEMENTOS DE ENTRADA SECUNDARIOS (KOHA)
Fuente del sistema de clasificación o colocación Clasificación decimal universal
Tipo de ítem Koha Libro impreso
Holdings
Estatus retirado Estado de pérdida Fuente del sistema de clasificación o colocación Estado de daño No para préstamo Biblioteca de origen Biblioteca actual Ubicación en estantería Fecha de adquisición Fuente de adquisición Total de préstamos Signatura topográfica completa Código de barras Visto por última vez Precio de reemplazo Tipo de ítem Koha
    Clasificación decimal universal     Biblioteca del Ateneo de Madrid Biblioteca del Ateneo de Madrid Depósito 1 16/02/2012 Compra   A-11974 1188969 23/02/2023 23/02/2023 Libro impreso